LEADER 01621nam a2200349 a 4500 001 000000148885 003 CaOOAMICUS 005 20160127145518.0 008 160127s2014 it u000 u ita r 020 $a978-88-07-88359-0* 032 $aLibriCat 040 $aPUL$bita 041 1 $aita$heng 082 04$a364 100 1 $aShaxson, Nicholas.$0(OLS)http://pul/name/95015 240 10$aTreasure islands.$lItaliano.$0(OLS)http://pul/title/187747 245 13$aLe isole del tesoro :$bviaggio nei paradisi fiscali dove è nascosto il tesoro della globalizzazione /$cNicholas Shaxson ; traduzione di Adele Oliveri. 260 $aMilano :$bFeltrinelli,$c2014. 300 $a350 p. ;$c20 cm. 490 1 $aSaggi. Universale Economica Feltrinelli ;$v8359 504 $aComprende riferimenti bibliografici. 650 4$aDelitti contro la pubblica amministrazione.$0(OLS)http://pul/subject/28570 700 1 $aOliveri, Adele.$0(OLS)http://pul/name/78455 830 0$aSaggi (Universale economica Feltrinelli) ;$v8359.$0(OLS)http://pul/title/168094 850 $aPUL 852 $aPUL$W1$xSL Diritto e Scienze Sociali 3$y79$m364 SHANI 1$j171601$qDDC 21$B173090$CPULBib$Z2$F173090 $H126867 $81 941 1 $a9 996 $6020$a978-88-07-88359-0*$9(OLS)http://pul/number/159442 996 $6082$a364$9(OLS)http://pul/classification/2136 996 $6245$aLe isole del tesoro :$bviaggio nei paradisi fiscali dove è nascosto il tesoro della globalizzazione$9(OLS)http://pul/title/187748 996 $6260$aMilano :$bFeltrinelli$9(OLS)http://pul/publisher/48846 LEADER 01109nam a2200241 a 4500 001 000000154182 003 CaOOAMICUS 005 20160922160308.0 008 160922s1949 it 000 u ita r 032 $aLibriCat 040 $aPUL$bita 100 1 $aRiccobono, Salvatore,$d1864-1958.$0(OLS)http://pul/name/4397 245 10$aLineamenti della storia delle fonti e del diritto romano :$bcompendio dei corsi di storia e d'esegesi del diritto romano /$cSalvatore Riccobono. 260 $aMilano :$bGiuffrè,$c©1949. 300 $a247 p. ; $c26 cm. 504 $aBibliografia in nota a piè pagina. 650 4$aDiritto romano$xStoria$xFonti.$0(OLS)http://pul/subject/1688 850 $aPUL 852 $aPUL$W1$xDP1 Fondo G. Barberini$y122$m4 F 47$j177238$qFondi$B180205$CPULBib$Z2$F180205 $HBar903 $81 941 1 $a1 996 $6245$aLineamenti della storia delle fonti e del diritto romano :$bcompendio dei corsi di storia e d'esegesi del diritto romano$9(OLS)http://pul/title/193773 996 $6260$aMilano :$bGiuffrè$9(OLS)http://pul/publisher/48401